Statistics for Movies by Clue Quiz #2

Click here to take the quiz!

General Stats

  • This quiz has been taken 74,842 times
    (58,673 since last reset)
  • The average score is 14 of 22

Answer Stats

CluesMovie% Correct
Tin Man, Flying Monkeys, TornadoThe Wizard of Oz
93%
Unsupervised Child, Booby Traps, ChristmasHome Alone
87%
Velociraptor, Genetic Engineering, Nothing Could Possibly Go WrongJurassic Park
86%
Shrimp Fishing, Box of Chocolates, Low IQForrest Gump
84%
Why So Serious?, Heath Ledger, GothamThe Dark Knight
83%
Tribute, District 12, RueThe Hunger Games
82%
Pandora, Blue People, UnobtainiumAvatar
81%
The Hills are Alive, Julie Andrews, AustriaThe Sound of Music
79%
Phone Home, Reese's Pieces, Drew BarrymoreE.T.
76%
Patrick Swayze, Supernatural, PotteryGhost
69%
Las Vegas, Mike Tyson, Lost GroomThe Hangover
69%
Tyler Durden, Soapmaking, First Rule = Second RuleFight Club
68%
3 Brothers Dead, Rescue Mission, D-DaySaving Private Ryan
66%
Card Counting, Autism, WapnerRain Man
57%
Asteroid, Roughnecks, Don't Wanna Miss a ThingArmageddon
51%
Liger, Vote for Pedro, Tina the LlamaNapoleon Dynamite
50%
Ivan Drago, Training Montage, Patriotic ShortsRocky IV
50%
Boxer, Clint Eastwood, EuthanasiaMillion Dollar Baby
48%
White Russians, Bowling, Ways to Get a ToeThe Big Lebowski
41%
One-Armed Man, Dr. Kimble, Search Every HenhouseThe Fugitive
35%
Milk Anything w/ Nipples, Jinxy Cat, CIAMeet the Parents
32%
Orphanage, Mall Car Chase, Mission from GodThe Blues Brothers
31%

Score Distribution

Percentile by Number Answered

Percent of People with Each Score

Your Score History

You have not taken this quiz since the last reset